Un estudio de caso sobre el uso del software libre en la enseñanza secundaria en Cataluña (Record no. 175532)
[ view plain ]
| 000 -CABECERA | |
|---|---|
| campo de control de longitud fija | 01689nab a2200313 a 4500 |
| 005 - FECHA Y HORA DE LA ÚLTIMA TRANSACCIÓN | |
| campo de control | 20210219162408.0 |
| 008 - ELEMENTOS DE LONGITUD FIJA--INFORMACIÓN GENERAL | |
| campo de control de longitud fija | 991125s1985 mx 000 0 spa u |
| 035 ## - NÚMERO DE CONTROL DEL SISTEMA | |
| Número de control de sistema | UPN01000203431 |
| 049 ## - COLECCIÓN | |
| Colección | ART-E |
| 100 1# - ASIENTO PRINCIPAL--NOMBRE PERSONAL | |
| Nombre de persona | Da Costa Silva, Francisco de Asís |
| 100 1# - ASIENTO PRINCIPAL--NOMBRE PERSONAL | |
| Nombre de persona | Escofet Roig, Anna |
| 222 #0 - TÍTULO CLAVE | |
| Título clave | CAMPO ABIERTO : |
| Información calificativa | REVISTA DE EDUCACION |
| 245 00 - MENCIÓN DE TÍTULO | |
| Título | Un estudio de caso sobre el uso del software libre en la enseñanza secundaria en Cataluña |
| 260 ## - PUBLICACIÓN, DISTRIBUCIÓN, ETC. | |
| Lugar de publicación, distribución, etc. | España |
| 300 ## - DESCRIPCIÓN FÍSICA | |
| Extensión | 71-95 |
| 362 0# - FECHAS DE PUBLICACIÓN Y/O DESIGNACIÓN SECUENCIAL | |
| Fecha de publicación y/o designación secuencial | 2013 Vol. 32, no. 2 |
| 336 ## - TIPO DE CONTENIDO | |
| Término de tipo de contenido | texto$2rdacontent |
| 337 ## - TIPO DE MEDIO | |
| Nombre/término del tipo de medio | computadora$2rdamedia |
| 338 ## - TIPO DE SOPORTE | |
| Nombre/término del tipo de soporte | recurso en linea$2rdacarrier |
| 520 3# - NOTA DE RESUMEN, ETC. | |
| Sumario, etc. | El artículo presenta un estudio de caso sobre el uso del software libre en la enseñanza secundaria en Cataluña, considerando la experiencia de la implantación y el uso de la distribución Linkat GNU/Linux. La investigación ha pretendido conocer las experiencias de la directora, el profesorado y el alumnado tras la introducción de esta modalidad de software en este entorno. Los instrumentos utilizados para la recogida de datos han sido la entrevista semi-estructurada para la directora y el profesorado y la grupal para el alumnado, la observación directa y no participante y el análisis documental. . Los resultados muestran que su utilización es una realidad sostenida e imparable, pero aún falta mucho por hacer en cuanto a su promoción y difusión. |
| 653 0# - TERMINO DE INDIZACION - NO CONTROLADO | |
| Término no controlado | SOFTWARE LIBRE |
| 653 0# - TERMINO DE INDIZACION - NO CONTROLADO | |
| Término no controlado | EDUCACION SECUNDARIA |
| 653 0# - TERMINO DE INDIZACION - NO CONTROLADO | |
| Término no controlado | TIC |
| 653 0# - TERMINO DE INDIZACION - NO CONTROLADO | |
| Término no controlado | EDUCACION TECNOLOGICA |
| 653 0# - TERMINO DE INDIZACION - NO CONTROLADO | |
| Término no controlado | ESTUDIO DE CASO |
| 856 4# - LOCALIZACIÓN Y ACCESO ELECTRÓNICOS | |
| Identificador Uniforme del Recurso | <a href="http://www.revistacampoabierto.com/">http://www.revistacampoabierto.com/</a> |
| 905 ## - TIPO DE MATERIAL | |
| Tipo de material | Articulo |
No items available.
